01024nam a2200289Ia 4500008004100000020001400041020001800055040001800073041000800091245008500099246004600184260006800230300004100298504005300339650001800392650001200410650002500422650003800447650002000485650003500505650001700540700002400557700002900581700002300610700002200633856007900655130821s2006 enka gr eng  a199272530 a9780199272532 aCo-BoUCMbspa00aeng00aEducation, globalization, and social changeceditado por Hugh Lauder ...[et al.]14aEducation, globalization, & social change aOxford (Oxfordshire, Inglaterra)bOxford University Pressc2006 axxvii, 1182 páginasbilustraciones aIncluye referencias bibliográficas e índice.04aCambio social04aCultura04aEducación superior04aEducaciónxAspectos políticos04aGlobalización04aSociología de la educación04aSociología1 aBrown, Phillipeed.1 aDillabough, Jo-Anneeed.1 aHalsey. A. H.eed.1 aLauder, Hugheed.42zTabla de Contenidouhttp://www.loc.gov/catdir/toc/ecip0613/2006014915.html